Normal view
MARC view
- الادارة-الرقابة الادارية
Entry Topical Term
001 - CONTROL NUMBER
- control field: 63302
003 - CONTROL NUMBER IDENTIFIER
- control field: JO-AjAnu
005 - DATE AND TIME OF LATEST TRANSACTION
- control field: 20230606084331.0
008 - FIXED-LENGTH DATA ELEMENTS
- fixed length control field: 230606|| aca||aabn | a|a d
040 ## - CATALOGING SOURCE
- Original cataloging agency: JO-AjAnu
- Transcribing agency: JO-AjAnu
150 ## - HEADING--TOPICAL TERM
- Topical term or geographic name entry element: الادارة-الرقابة الادارية
670 ## - SOURCE DATA FOUND
- Source citation: Work cat.: (JO-AjAnu)32273: اعداد الفريحات، محمد صبحي سليم؛ اشراف هشام علي شطناوي, author 63301, اثر الرقابة الالكترونية على تقييم اداء الموظفين في دائرة الجمارك الاردنية = The Impact of Electronic Control on Evaluating Employees Performance at Jordanian Customs